- Comas Camps, Margarita,
Entry Nombre Personal
001 - NUMERO DE CONTROL
- campo de control: 32322
003 - IDENTIFICADOR DE NUMERO DE CONTROL
- campo de control: MX-MxUPN
005 - FECHA Y HORA DE LA ÜLTIMA TRANSACCIÓN
- campo de control: 20240613111610.0
008 - DATOS DE LONGITUD FIJA
- campo de control de longitud fija: 240613n||acannaabn a aaa |d
010 ## - NÚMERO DE CONTROL DE LA BIBLIOTECA DEL CONGRESO
- Número de control LC: no2012062076
035 ## - NUMERO DE CONTROL
- Número de control: UPN11000004429
035 ## - NUMERO DE CONTROL
- Número de control: (OCoLC)oca09188219
040 ## - FUENTE DE CATALOGACIÓN
- Lenguaje de catalogación: spa
- Agencia de transcripción: UkCU
- Agencia original de catalogación: UkCU
- Agencia que lo modifica: MX-MxUPN
100 1# - ENCABEZAMIENTO - NOMBRE PERSONAL
- Nombre personal: Comas Camps, Margarita,
- Fechas asociadas con el nombre: 1892-1973
373 ## - GRUPO ASOCIADO
- Associated group: Escuela Normal de Tarragona
400 1# - VEÁSE - NOMBRE DE PERSONA
- Personal name: Comas, Margarita,
- Dates associated with a name: 1892-1973
670 ## - FUENTE EN LA QUE SE LOCALIZARON DATOS
- Cita de la fuente: T
- Uniform Resource Identifier: http://mujeresdeciencias.blogia.com/2007/010801-margarita-comas-camps-1892-1973-.php
670 ## - FUENTE EN LA QUE SE LOCALIZARON DATOS
- Cita de la fuente: Autoridades LC, 13 junio 2024 :
- Uniform Resource Identifier: https://lccn.loc.gov/no2012062076
- Información localizada: (Comas Camps, Margalida, 1892-1972)
670 ## - FUENTE EN LA QUE SE LOCALIZARON DATOS
- Cita de la fuente: La coeducación de los sexos, 1931 :
- Información localizada: portada (Margarita Comas. Escuela Normal de Tarragona)
680 ## - NOTA PUBLICA DE ACCESO PÚBLICO
- Frase explicativa de la referencia: Educadora español
902 ## - CATALOGADOR
- Catalogador: CAA/070812
- Catalogador: MaríaRobles/130624
